Mastering microsoft word for windows
| Main Author: | |
|---|---|
| Format: | Book |
| Published: |
Singapore :
Tech Pub. ,
1991
|
| Subjects: |
MARC
| LEADER | 00000cam a2200000 7i4500 | ||
|---|---|---|---|
| 001 | 0000002780 | ||
| 005 | 20040108.0 | ||
| 020 | 0 | 0 | |a 9813005564 |
| 090 | 0 | 0 | |a 652.5 |b YOU 1991 |
| 100 | 1 | 0 | |a YOUNG |h Michael J. |
| 245 | 1 | 0 | |a Mastering microsoft word for windows |c Michael J. Young |
| 260 | 0 | 0 | |a Singapore : |b Tech Pub. , |c 1991 |
| 300 | |a xxiii, 540 p. : |b ill. ; |c 23 cm. | ||
| 500 | 0 | 0 | |a Includes index |
| 650 | 0 | 0 | |a Word processing |
| 998 | |a JPSM | ||
| 999 | |a 0000004450 |b Monograph |c Open Shelf |e Default branch | ||